| 000 | 00357nam a22001217a 4500 | ||
|---|---|---|---|
| 008 | 170615b xxu||||| |||| 00| 0 eng d | ||
| 041 | _aeng | ||
| 080 | _a32 | ||
| 100 | _a19 | ||
| 101 | _aSHP | ||
| 245 |
_aANALIZA E BUXHETIT GJINORE DHE NDIKIMI I POLITIKAVE FISKALE NE NIVELIN E VARTESISE SE GRAVE RURALE NE KOMUNEN E GJAKOVES _cKUSARI,M |
||
| 942 |
_2udc _cBK |
||
| 999 |
_c17531 _d17531 |
||